banner-ar

TRUCS: 4000 ASTUCES CHEZ SOI / (Record no. 12432)

MARC details
000 -الفاتح
حقل البيانات ثابتة الطول 00490nam a2200169Ia 4500
008 - عناصر البيانات ثابتة الطول - معلومات عامة
حقل البيانات ثابتة الطول 140319s9999 xx 000 0 eng d
040 ## - مصدر الفهرسة
وكالة الفهرسة الأصلية GCL /
وكالة النسخ GCL
082 04 - رقم تصنيف ديوى العشرى
رقم التصنيف 683.8
رقم المادة R T
100 1# - المدخل الرئيسى - إسم شخصى
الإسم الشخصى THE READER,S DIGEST ASSOCIATION
245 10 - بيان العنوان
العنوان TRUCS: 4000 ASTUCES CHEZ SOI /
بيان المسئوليه,etc THE READER,S DIGEST ASSOCIATION
260 ## - PUBLICATION, DISTRIBUTION, ETC. (IMPRINT)
تاريخ النشر أو التوزيع 1991
300 ## - الوصف المادى
التعداد 478P
650 04 - المدخل الاضافى بالموضوع-مصطلح موضوعى
مصطلح موضوعي HOUSEHOLD UTENSILS
650 04 - المدخل الاضافى بالموضوع-مصطلح موضوعى
مصطلح موضوعي HOUSEHOLD APPLIANCES
942 ## - عناصر المدخل الإضافي( كوها)
مصدر التصنيف او مخطط الترفيف Dewey Decimal Classification
Koha [default] item type كتاب
260 ## - PUBLICATION, DISTRIBUTION, ETC. (IMPRINT)
-- [S.N] :
-- SELECTION DU READER'S DIGEST ،
Holdings
حالة التراجع حالة الفقد حالة تلف ليس للاعارة المكان المؤقت الموقع الحالى تاريخ الاكتساب اجمالي اﻻعارات رقم الطلب الباركود تاريخ اخر مشاهدة تاريخ تفعيل السعر نوع وعاء كوها
        مكتبة القاهرة الكبرى مكتبة القاهرة الكبرى 03/26/2014   683.8\R T 24181 03/26/2014 03/26/2014 كتاب

Powered By

EGPV